书目信息 |
| 题名: |
量子计算
|
|
| 作者: | 王取泉 著 | |
| 分册: | ||
| 出版信息: | 合肥 中国科学技术大学出版社 2019.12 |
|
| 页数: | 395页 | |
| 开本: | 26cm | |
| 丛书名: | 量子科学出版工程 | |
| 单 册: | ||
| 中图分类: | TP385 | |
| 科图分类: | ||
| 主题词: | 量子计算机--liang zi ji suan ji | |
| 电子资源: | ||
| ISBN: | 978-7-312-04846-3 | |
| 000 | 01456nam 2200301 450 | |
| 001 | 2268244381 | |
| 005 | 20220916185748.82 | |
| 010 | @a978-7-312-04846-3@b精装@dCNY158.00 | |
| 100 | @a20201021d2019 em y0chiy50 ea | |
| 101 | 0 | @achi |
| 102 | @aCN@b340000 | |
| 105 | @aa a 000yy | |
| 200 | 1 | @a量子计算@Aliang zi ji suan@e基于半导体量子点@d= Quantum computation@ebased on semiconductor quantum dots@f王取泉 ... [等] 著@zeng |
| 210 | @a合肥@c中国科学技术大学出版社@d2019.12 | |
| 215 | @a395页@c彩图@d26cm | |
| 225 | 2 | @a量子科学出版工程@Aliang zi ke xue chu ban gong cheng@h第一辑 |
| 300 | @a国家出版基金项目 “十三五”国家重点图书出版规划项目 | |
| 304 | @a题名页题其余责任者: 程木田, 刘绍鼎, 王霞, 周慧君 | |
| 320 | @a有书目 | |
| 330 | @a本书以清晰的物理图像和丰富的实验结果比较全面地介绍了基于半导体量子点激子的量子计算和量子信息方面的最新研究进展。全书共分8章, 第1章和第2章是半导体量子点形貌结构和基本特性的简要介绍 ; 第3章至第5章是关于激子量子比特旋转和量子逻辑运算等量子计算方面的研究进展 ; 第6章至第8章则是关于激子复合单光子发射和纠缠光子对发射等量子信息方面的研究进展。 | |
| 410 | 0 | @12001 @a量子科学出版工程@h第一辑 |
| 510 | 1 | @aQuantum computation@ebased on semiconductor quantum dots@zeng |
| 517 | 1 | @a基于半导体量子点@Aji yu ban dao ti liang zi dian |
| 606 | 0 | @a量子计算机@Aliang zi ji suan ji |
| 690 | @aTP385@v5 | |
| 701 | 0 | @a王取泉@Awang qu quan@4著 |
| 801 | 0 | @aCN@b人天书店@c20201021 |
| 905 | @aZUCC@dTP385@e3 | |
| 量子计算:基于半导体量子点= Quantum computation:based on semiconductor quantum dots/王取泉 ... [等] 著.-合肥:中国科学技术大学出版社,2019.12 |
| 395页:彩图;26cm.-(量子科学出版工程.第一辑) |
| 国家出版基金项目 “十三五”国家重点图书出版规划项目 |
| ISBN 978-7-312-04846-3(精装):CNY158.00 |
| 本书以清晰的物理图像和丰富的实验结果比较全面地介绍了基于半导体量子点激子的量子计算和量子信息方面的最新研究进展。全书共分8章, 第1章和第2章是半导体量子点形貌结构和基本特性的简要介绍 ; 第3章至第5章是关于激子量子比特旋转和量子逻辑运算等量子计算方面的研究进展 ; 第6章至第8章则是关于激子复合单光子发射和纠缠光子对发射等量子信息方面的研究进展。 |
| ● |
| 相关链接 |
|
|
|
正题名:量子计算
索取号:TP385/3
 
预约/预借
| 序号 | 登录号 | 条形码 | 馆藏地/架位号 | 状态 | 备注 |
| 1 | 2000895048 | 2000895048 | 第三书库/ [索取号:TP385/3] | 在馆 | |
| 2 | 2000895049 | 2000895049 | 第三书库/ [索取号:TP385/3] | 在馆 | |
| 3 | 2000895050 | 2000895050 | 第三书库/ [索取号:TP385/3] | 在馆 |